000 00740cam a22002417a 4500
001 16831694
005 20180307044545.0
008 110617r20122006maua f 001 0 eng
010 _a 2011377510
020 _a9780321750013 (student ed.)
020 _a0321750012 (student ed.)
040 _aDLC
_cDLC
_dDLC
041 _aeng
042 _apcc
080 _a615 MAR
100 1 _a6
101 _aANA
245 1 0 _aEssentials of human anatomy & physiology laboratory manual /
_cElaine N. Marieb.
246 3 _aEssentials of human anatomy and physiology laboratory manual
906 _a7
_bcbc
_corigcop
_d3
_encip
_f20
_gy-gencatlg
942 _2ddc
_cBK
999 _c44279
_d44279